000 00802nam a22003010a 4500
001 PT60825
003 AR-LpoUNG
005 20210131232015.0
008 191001s2005||||ag |||||||||||||||||spa d
020 _a9580426007
_c$20.34
040 _aAR-LpoUNG
_bspa
_cAR-LpoUNG
_eaacr
041 _aspa
044 _aag
082 0 _a808.068 3 311fer
100 1 _aSharmat, Marjorie Weinman
245 1 0 _aYo, el Gran Fercho, y la lista perdida
250 _a1ra. ed.
260 _aBuenos Aires :
_bNorma,
_c2005.
300 _a48 p. :
_bil.
505 0 _aSugerido a partir de 6 aƱos (etiqueta AMARILLA)
650 4 _aCUENTOS
650 4 _aLITERATURA
653 _aLITERATURA INFANTIL
700 1 _aAparicio, Cristina
_etr.
700 1 _aSimont, Marc
_eil.
905 _a60825
942 _cLIB
999 _c13178
_d13178